[Event "Manhem Chessweek IM"]
[Site "Gothenburg"]
[Date "1994.??.??"]
[Round "9"]
[White "Elsness, Frode"]
[Black "Boe Olsen, Mads"]
[Result "0-1"]
[WhiteElo "2280"]
[BlackElo "2300"]
[PlyCount "84"]
[EventDate "1994.08.06"]
[EventType "tourn"]
[EventRounds "9"]
[EventCountry "SWE"]
[EventCategory "5"]
[SourceTitle "EXT 2001"]
[Source "ChessBase"]
[SourceDate "2000.11.22"]
[SourceVersion "1"]
[SourceVersionDate "2000.11.22"]
[SourceQuality "1"]

1. e4 c6 2. d4 d5 3. e5 Bf5 4. Nc3 e6 5. g4 Bg6 6. Nge2 h6 7. Be3 Qb6 8. Na4
Qc7 9. f4 h5 10. f5 exf5 11. gxf5 Bxf5 12. Nf4 Nd7 13. Bg2 O-O-O 14. O-O g6 15.
Qd2 Nh6 16. Nc3 Nb6 17. b3 Ng4 18. a4 Kb8 19. a5 Nc8 20. a6 b6 21. Rac1 Ne7 22.
Nce2 Bc8 23. c4 dxc4 24. bxc4 Nxe3 25. Qxe3 Nf5 26. Qe4 Bxa6 27. d5 Bc5+ 28.
Kh1 h4 29. d6 Qc8 30. Nd3 h3 31. Bf3 Rh4 32. Bg4 Nxd6 33. exd6 Rxg4 34. Qf3
Bxd6 35. c5 Bxd3 36. Qxd3 Bxc5 37. Qxh3 Qe6 38. Qf3 Qe4 39. Ng3 Qxf3+ 40. Rxf3
f5 41. Rb3 Kc7 42. Ra1 a5 0-1